Perspektívy alebo neperspektívy Slovenska.

Platobná neschopnosť v podnikovej sfére. Odlišnosti vo vývoji jednotlivých odvetví. Odlišnosť situácie podnikov spotrebného priemyslu a jej osobitný charakter. Vynútený a skutočný kolaps podnikov a jeho príčiny. Možnosti rýchleho zvratu.

Gespeichert in:
Bibliographische Detailangaben
1. Verfasser: Staněk, Peter
Format: Buchkapitel
Sprache:Slowakisch
Schlagworte:
Tags: Tag hinzufügen
Keine Tags, Fügen Sie das erste Tag hinzu!

MARC

LEADER 00000naa a2200000 4500
001 r013362
005 20221214064852.5
041 0 |a slo 
044 |a SK 
245 1 0 |a Perspektívy alebo neperspektívy Slovenska.  |c Peter Stanek 
520 |a Platobná neschopnosť v podnikovej sfére. Odlišnosti vo vývoji jednotlivých odvetví. Odlišnosť situácie podnikov spotrebného priemyslu a jej osobitný charakter. Vynútený a skutočný kolaps podnikov a jeho príčiny. Možnosti rýchleho zvratu. 
610 2 0 |a rozvoj hospodársky 
610 2 0 |a hospodárstvo národné 
610 2 0 |a Slovensko 
610 2 0 |a insolventnosť 
610 2 0 |a podnik 
610 2 0 |a priemysel spotrebný 
100 1 |a Staněk, Peter